000 00493nam a2200181Ia 4500
008 090122s9999 xx 000 0 und d
082 _b12707
100 _aकदम
_bअनंत
245 _aविस्कट
260 _bअनघा प्रकाशन
_c2005
300 _a192
501 _aव्हि के बुक एजन्सीज
600 _aकदम
630 _aविस्कट
700 _aकदम
730 _aविस्कट
942 _cBOOK
999 _c36784
_d36784